| 000 | 00365nam a2200145Ia 4500 | ||
|---|---|---|---|
| 008 | 230312s9999||||xx |||||||||||||| ||und|| | ||
| 082 |
_a657 _bDAL |
||
| 100 | _aDaley, Lane A | ||
| 245 | 0 | _aIntermediate Accounting | |
| 260 |
_bSouth western _aNew york _c1994 |
||
| 300 | _a1186 | ||
| 546 | _aEng. | ||
| 650 |
_aAccounting _vFinancial statement overview |
||
| 942 | _cBK | ||
| 999 |
_c4990 _d4990 |
||